000 00488nam a2200181Ia 4500
001 17797
005 20260306171543.0
008 260306s9999||||xx |||||||||||||| ||und||
041 _aESP
082 _a658.2
_bP66
100 _aPlatas García, José Armando
_eAUT
245 0 _aPlaneación, diseño y layout de instalaciones:
_bun enfoque por competencias
260 _c2015
300 _axiv, 282 páginas :
_c27 cm.
650 _aGEN
654 _aCAN
942 _cLIB
_dJUS
_fJUS
_2ddc
_n
999 _c17797
_d17797